[Event "Ruhrgebiet Verbandsklasse Gruppe 3 1617"]
[Site "Germany"]
[Date "2017.03.12"]
[Round "8.7"]
[White "Achenbach, Manfred"]
[Black "Schedlbauer, Daniel"]
[Result "1-0"]
[WhiteElo "1916"]
[BlackElo "1520"]
[PlyCount "65"]
[EventDate "2016.09.04"]
[EventType "team-tourn"]
[EventRounds "9"]
[EventCountry "GER"]
[SourceTitle "EXT 2022"]
[Source "ChessBase"]
[SourceDate "2021.10.06"]
[SourceVersion "1"]
[SourceVersionDate "2021.10.06"]
[SourceQuality "1"]
[WhiteTeam "Muelheim SC"]
[BlackTeam "Recklinghausen Laeufer Ost"]
[WhiteTeamCountry "GER"]
[BlackTeamCountry "GER"]

1. Nf3 d5 2. c4 e6 3. g3 Nf6 4. Bg2 c5 5. 0-0 Be7 6. e3 Bd7 7. Ne5 Nc6 8. Nxd7 Qxd7 9. cxd5 exd5 10. d4 cxd4 11. exd4 0-0 12. Nc3 Rad8 13. Re1 h6 14. Bf4 Rfe8 15. a3 Bd6 16. Be3 Bc7 17. b4 a6 18. Rc1 Bb6 19. Qd3 Qg4 20. Ne2 Ne7 21. Nf4 Qd7 22. Bh3 Qd6 23. Qb3 Ne4 24. Nd3 Ba7 25. Nc5 Nxc5 26. bxc5 Qc6 27. Rb1 Rb8 28. Bf4 b5 29. Bxb8 Bxb8 30. Re2 Ng6 31. Rbe1 Rxe2 32. Rxe2 Bc7 33. Bg2 1-0

[Event "Ruhrgebiet Verbandsklasse Gruppe 3 1617"]
[Site "Germany"]
[Date "2016.11.27"]
[Round "4.6"]
[White "Schedlbauer, Daniel"]
[Black "Jedner, Volker"]
[Result "0-1"]
[WhiteElo "1520"]
[BlackElo "1816"]
[PlyCount "80"]
[EventDate "2016.09.04"]
[EventType "team-tourn"]
[EventRounds "9"]
[EventCountry "GER"]
[SourceTitle "EXT 2022"]
[Source "ChessBase"]
[SourceDate "2021.10.06"]
[SourceVersion "1"]
[SourceVersionDate "2021.10.06"]
[SourceQuality "1"]
[WhiteTeam "Recklinghausen Laeufer Ost"]
[BlackTeam "Hoentrop SG"]
[WhiteTeamCountry "GER"]
[BlackTeamCountry "GER"]

1. b4 d5 2. Bb2 Nf6 3. e3 Bf5 4. Nf3 e6 5. b5 Bd6 6. c4 0-0 7. Be2 a6 8. a4 dxc4 9. Bxc4 Nd5 10. 0-0 Nb4 11. d3 axb5 12. axb5 Rxa1 13. Bxa1 Bxd3 14. Bxd3 Nxd3 15. Bd4 Nc5 16. Qc2 Ncd7 17. Rd1 Qe7 18. Nbd2 Nc5 19. Nc4 Nbd7 20. Qd2 Rd8 21. Nfe5 Nb3 22. Qd3 Nxd4 23. Qxd4 Nxe5 24. Nxe5 f6 25. f4 fxe5 26. fxe5 Qe8 27. exd6 Rxd6 28. Qa1 Rxd1+ 29. Qxd1 Qe7 30. Qd4 Qd6 31. g3 Qxd4 32. exd4 Kf7 33. Kf2 e5 34. d5 Ke7 35. Ke3 Kd6 36. Ke4 Kc5 37. Kxe5 Kxb5 38. Kd4 Kb4 39. h3 b5 40. g4 Kb3 0-1

[Event "Ruhrgebiet VK2 1112"]
[Site "Nordrheinwestfalen"]
[Date "2012.03.25"]
[Round "8.8"]
[White "Ziperstein, Jakob"]
[Black "Schedlbauer, Daniel"]
[Result "1-0"]
[WhiteElo "1786"]
[BlackElo "1527"]
[PlyCount "87"]
[EventDate "2012.09.18"]
[EventType "team-tourn"]
[EventRounds "9"]
[EventCountry "GER"]
[SourceTitle "EXT 2020"]
[Source "ChessBase"]
[SourceDate "2019.10.17"]
[SourceVersion "1"]
[SourceVersionDate "2019.10.17"]
[SourceQuality "1"]
[WhiteTeam "Dortmund FS 98 II"]
[BlackTeam "Recklinghausen Laeufer Ost II"]
[WhiteTeamCountry "GER"]
[BlackTeamCountry "GER"]

1. e4 e5 2. Nf3 Nc6 3. Nc3 Nf6 4. d4 exd4 5. Nxd4 d6 6. Nxc6 bxc6 7. Be2 Be7 8. 0-0 0-0 9. Be3 a5 10. h3 Rb8 11. b3 Nd7 12. Qd2 Nb6 13. Rad1 f5 14. Bf3 fxe4 15. Bxe4 d5 16. Qe2 Bf6 17. Nb1 Qe8 18. Bf3 Bf5 19. Rfe1 Qg6 20. Bh5 Bg4 21. Qxg4 Qxc2 22. Rd2 Qe4 23. Qxe4 dxe4 24. Bxb6 cxb6 25. Rxe4 Rbd8 26. Rxd8 Rxd8 27. Re8+ Rxe8 28. Bxe8 c5 29. Kf1 Kf8 30. Bb5 Ke7 31. f4 Kd6 32. Ke2 Kd5 33. Kd3 h6 34. Nd2 Bd8 35. Bc4+ Kc6 36. a4 Bc7 37. Ke4 Kd6 38. Kf5 Ke7 39. g3 Bd8 40. Nf3 Kd6 41. Kg6 Bf6 42. Nh4 Ke7 43. Nf5+ Kf8 44. Nxh6 1-0